[Event "Hastings 0102 77th"]
[Site "Hastings"]
[Date "2002.01.02"]
[Round "5"]
[White "Pert, Nicholas"]
[Black "Barsov, Alexei"]
[Result "1/2-1/2"]
[WhiteElo "2451"]
[BlackElo "2525"]
[Annotator "Stohl,I"]
[PlyCount "130"]
[EventDate "2001.12.29"]
[EventType "tourn"]
[EventRounds "9"]
[EventCountry "ENG"]
[EventCategory "11"]
[SourceTitle "CBM 087"]
[Source "ChessBase"]
[SourceDate "2002.03.21"]
[SourceVersion "1"]
[SourceVersionDate "2002.03.21"]
[SourceQuality "1"]

1. d4 e6 2. c4 Bb4+ 3. Bd2 a5 4. Nf3 Nc6 ({More usual is} 4... d6) (4... Nf6 {
-E11}) 5. d5 $5 {A direct attempt to profit from Black's provocative 4-th move.
Other moves are less ambitious:} (5. Nc3 d6 (5... Nf6 6. Bg5 $5 (6. Qc2 d5 7.
e3 O-O 8. Bd3 Bd6 9. a3 dxc4 10. Bxc4 e5 11. Nb5 e4 12. Ng5 Qe7 13. Nc3 Bf5 14.
Qb3 Rab8 15. h4 h6 16. Nh3 b5 17. Nxb5 Na7 18. Nxd6 Rxb3 19. Nxf5 Qd7 20. Bxb3
Qxf5 21. Bc4 Rb8 22. b3 c5 $15 {Sarthou,G-Wohl,A/Metz/2001/}) (6. d5 Ne7 7. a3
Bxc3 8. Bxc3 d6 9. g3 e5 10. Nd2 a4 11. Bg2 O-O 12. e4 Nd7 13. O-O Nc5 14. f4
f6 15. Qe2 Bd7 16. Rf2 Qb8 17. Raf1 Qa7 18. Kh1 Ng6 19. h4 exf4 20. gxf4 Nxh4
21. f5 $40 {Kouatly,B-Prie,E/FRA-ch/1991/}) (6. g3 d5 7. cxd5 exd5 8. Bg2 Ne4
9. Rc1 O-O 10. O-O Bg4 11. a3 Bxc3 12. Bxc3 a4 13. Nd2 Nxc3 14. bxc3 Qe7 15.
Re1 Ra5 16. Qc2 Qxa3 {1/2,Hoeksema,H-Barsov,A/NED-chT/1995/} 17. Ra1 $14) 6...
h6 7. Bh4 g5 8. Bg3 Ne4 9. Qc2 Nxg3 10. hxg3 g4 11. d5 gxf3 12. dxc6 dxc6 13.
gxf3 f5 14. a3 Bf8 15. e4 Qf6 16. f4 Bd7 17. Bg2 e5 18. O-O-O exf4 19. e5 Qg5
20. Kb1 fxg3 21. f4 $1 Qg6 22. Rxd7 Kxd7 23. Bh3 Ke6 24. Nd5 $1 $40 {Legky,
N-Lupu,M/Val Thorens/1990/}) 6. Qc2 (6. d5 $5 {()}) 6... e5 7. dxe5 dxe5 8.
O-O-O Be6 9. e3 Nf6 10. a3 Be7 11. Bd3 h6 12. Rhg1 O-O 13. Ne4 Qc8 14. h3 Ne8
15. g4 f5 16. gxf5 Bxf5 17. Rg3 Kh8 18. Nc3 Bxd3 19. Qxd3 Qf5 20. Qxf5 Rxf5 21.
e4 Rf7 22. Be3 Nd6 $11 {Borges Mateos,J-Psakhis,L/Tallinn/1989/}) (5. g3 d6 6.
Bg2 e5 7. O-O Bg4 $2 (7... exd4 $142 $13) 8. Be3 $1 {/\a3+/-} Kf8 9. a3 Bxf3
10. Bxf3 exd4 11. Bxd4 Nxd4 12. Qxd4 Bc5 13. Qd2 c6 14. Nc3 Nf6 15. Na4 Ba7 16.
Rfd1 Ke7 17. b4 axb4 18. axb4 Qd7 19. b5 Rad8 20. Qa5 Bb8 21. Qb6 Rc8 22. Nc5
Qc7 23. Qxc7+ Rxc7 24. b6 $18 {Anastasian,A-Agrest,E/Leningrad/1990/}) 5...
Nce7 (5... exd5 6. cxd5 Nce7 7. a3 Bxd2+ 8. Qxd2 Nf6 9. Nc3 $14 {()}) 6. e4 (6.
Nc3 Nf6 7. e4 $5 d6 8. Bd3 $14) 6... exd5 $6 {Opening the position is pretty
risky, more circumspect is} (6... d6 $14) 7. cxd5 Nf6 8. Bxb4 axb4 9. Qd4 $5 {
White continues to play aggressively and this is justified to a certain point,
although even quiet alternatives would have given him an edge.} (9. Bd3 d6 10.
Qb3 c6 11. dxc6 Nxc6 12. O-O O-O (12... Be6 13. Bc4 $14) 13. Nbd2 $14 {[%csl
Rb4,Rd6] ק}) 9... c5 (9... O-O 10. Bd3 $1 (10. Qxb4 Re8 11. Be2 Ng6 12. Nc3
Nf4 $36) 10... b3 11. a3 $14) 10. Qxc5 (10. Qe3 d6 11. Bb5+ Bd7 $13) 10... Nxe4
11. Qd4 (11. Qxb4 Qa5 12. Qxa5 Rxa5 13. d6 $5 Nxd6 14. Nc3 $14) 11... Nf6 12.
d6 $1 {()} (12. Bc4 $14) 12... Nc6 13. Qe3+ Kf8 14. Bc4 (14. Nbd2 $1 $16 {/\Nc4
}) 14... Ne8 {Now Black gets rid of the Pd6 and can breathe more freely.} 15.
O-O Nxd6 16. Bb3 $44 {White's development advantage is still impressive, so
Black has to be very careful.} ({The tactical justification of 15...Nd6 is} 16.
Qc5 Qe7 17. Re1 Ra5 $1 18. Qxa5 Nxa5 19. Rxe7 Kxe7 $15) 16... Nf5 17. Qd3 (17.
Qd2 Qf6 18. Ng5 Nfd4 $1 $15) 17... Qf6 18. Nbd2 Nfd4 19. Bd5 Nxf3+ 20. Nxf3 g6
(20... d6 21. Qd2 {/\Ng5|^}) 21. Qd2 Kg7 22. Rfe1 Ra5 $1 23. Rad1 (23. Ng5 $2
Qd4 $1 24. Qxd4+ Nxd4 25. Nxf7 Rf8 $19) (23. Re4 d6 24. Bxc6 bxc6 25. Rxb4 Rd5
$132) 23... b6 $2 {Black is ready to end his development, but this is
inaccurate.} (23... d6 $142 $13 24. Re4 (24. Ng5 $6 Ne7 $1 $15) 24... Bf5 25.
Rf4 g5 $13) 24. Re4 $6 (24. Ng5 $1 Rf8 (24... Ne7 25. Ne4 {/\} Rxd5 26. Nxf6
Rxd2 27. Rxd2 Kxf6 28. Rd6+ $18) 25. Ne4 Qe7 26. Bb3 {/\Nd6+/-}) 24... Bb7 25.
Qe3 (25. Rf4 $2 Rxd5 $19) 25... Rxd5 $8 (25... Qxb2 $2 26. Bxf7 $1 $40) (25...
Rc5 $2 26. Rf4 $18) 26. Rxd5 Ne7 (26... Nb8 27. Rf4 Qxb2 28. Rd1 $16) 27. Rxd7
(27. Rxe7 Bxd5 $17) 27... Nf5 (27... Bxe4 $6 28. Qxe4 Nc6 29. Qd5 $36) 28. Qf4
Bxe4 29. Qxe4 Rc8 $1 (29... Qxb2 30. g4 Nh6 31. g5 Nf5 32. Rxf7+ $1 Kxf7 33.
Ne5+ Kf8 34. Qa8+ Ke7 35. Qb7+ Ke6 36. Qf7+ Kxe5 37. Qf6+ $18) 30. g3 (30. g4
$1 Nd6 (30... Rc1+ 31. Kg2 Nd6 32. Qd5 $1 $18) 31. Qe5 (31. Qd5 Rc5 $1 32. Qd4
Nc4 33. b3 Ne5 34. Nxe5 Rxe5 35. Rd6 Re6 36. g5 $1 $14) 31... Nc4 (31... Rc1+
32. Kg2 Nc4 33. Qxf6+ Kxf6 34. g5+ Ke6 35. Rb7 $14) 32. Qxf6+ Kxf6 33. b3 $14)
30... Qxb2 31. g4 Nh6 32. h3 (32. g5 Nf5 33. Qe5+ Qxe5 34. Nxe5 Rf8 35. Kg2 $11
) 32... Qc1+ ({After} 32... Qxa2 $5 {it seems White will sooner or later have
to satisfy himself with a perpetual:} 33. Qd4+ Kg8 34. Ng5 (34. g5 Nf5 35. Rd8+
Rxd8 36. Qxd8+ Kg7 37. Qf6+ $11) 34... Re8 35. Rd8 Qe2 36. Ne4 Qe1+ 37. Kg2
Rxd8 38. Qxd8+ Kg7 39. Nd6 f6 $11) 33. Kg2 Qc6 34. Qd4+ Kg8 35. Rd6 $14 {
[%csl Rh6] פh6} Qc5 (35... Qa8 36. Qd2 $1 Kg7 37. Rxb6 $14) (35... Qc2 36. Ne5
$5 $44) 36. Rxb6 Qxd4 37. Nxd4 Rc4 38. Nc6 f5 $1 {[%mdl 4352] In the _|_ Black
is still in danger, but active defence saves the day.} 39. gxf5 (39. g5 Nf7 40.
Nxb4 Nxg5 41. a4 Rc5 $1 $14) 39... Nxf5 40. Nxb4 Rc3 41. a4 Ra3 42. Ra6 Nd4 $14
43. Nd5 (43. a5 $142) 43... Kf7 44. Ne3 Ne6 45. h4 h5 46. Kf3 g5 $5 $132 47.
hxg5 Nxg5+ 48. Kf4 Nh3+ 49. Kg3 Ng5 50. Ra8 (50. a5 Ne4+ 51. Kf3 Nc5 52. Ra7+ (
52. Ra8 Nb3 53. a6 Nc5 54. a7 Ne6 $1 55. Ke4 Nc7 56. Rh8 Rxa7 $11) 52... Ke6
53. Kg2 Ra2 $132) 50... Ne4+ 51. Kf3 Nc5 $1 52. Ra5 (52. a5 Nb3 53. a6 (53. Nc4
$2 Nd2+ 54. Kf4 Nxc4 55. Kg5 $11) 53... Nc5 54. a7 Ne6 $1 $11) 52... Nxa4 53.
Kg3 Ra2 54. Rxh5 Nc3 $11 {Black's pieces are coordinated well enough and
White's remaining extra P is not enough to win-any piece exchanges only help
Black.} 55. Rh4 Ra4 56. Rh7+ Kg6 57. Rc7 Ne4+ 58. Kf3 Ng5+ 59. Kg2 Rf4 60. Rc6+
Rf6 61. Rc4 Re6 62. Rc8 Nf7 63. Nd5 Re5 64. Rg8+ Kh6 65. Ne3 Rg5+ (65... Rg5+
66. Rxg5 Kxg5 $11) 1/2-1/2

[Event "Budapest FS06 GM"]
[Site "Budapest"]
[Date "1999.06.08"]
[Round "4"]
[White "Anastasian, Ashot"]
[Black "Maiwald, Jens Uwe"]
[Result "0-1"]
[WhiteElo "2529"]
[BlackElo "2467"]
[Annotator "Stohl,I"]
[PlyCount "68"]
[EventDate "1999.06.??"]
[EventType "tourn"]
[EventRounds "10"]
[EventCountry "HUN"]
[EventCategory "9"]
[SourceTitle "CBM 072"]
[Source "ChessBase"]
[SourceDate "1999.10.01"]
[SourceVersion "1"]
[SourceVersionDate "1999.10.01"]
[SourceQuality "1"]

1. d4 {Bangiev} g6 2. c4 Bg7 3. Nc3 c5 4. d5 Bxc3+ 5. bxc3 f5 6. g4 {An
extremely violent attempt to refute Black's strategy.} (6. h4 $142) (6. e4 $5
fxe4 7. f3 $44) 6... fxg4 ({Usually you can refute a gambit only by accepting
it, but here interesting is also} 6... Qa5 $5 7. Qd3 d6 8. g5 $6 Nd7 9. Nf3 Nb6
10. Nd2 Bd7 11. f3 h6 12. gxh6 Nxh6 13. Rg1 Nf7 $1 14. f4 Rh6 15. h3 Qa4 16.
Kf2 O-O-O 17. e3 e5 18. Qb1 e4 19. Qb3 Qa5 20. Rg3 Rg8 21. Be2 Na4 22. Nb1 Qd8
23. Bd2 g5 24. fxg5 Rxg5 25. Rxg5 Qxg5 26. Bf1 Rg6 {0-1,Santos,J-Rocha,S/
Lisboa/1996/}) 7. e4 $6 ({The more usual follow-up is} 7. h3 $142 g3 (7... d6
$5 {Bangiev}) 8. fxg3 Nf6 (8... Qa5 9. Qd3 d6 10. e4 Nf6 11. Bd2 Nbd7 12. Nf3
Ne5 13. Nxe5 dxe5 14. Bg2 Qc7 15. O-O Qd6 16. Rab1 b6 17. Rb2 h6 18. Be3 Bd7
19. Qc2 g5 20. Rfb1 Rb8 21. Rf1 Kd8 22. Qb3 Kc7 23. Qa3 Ra8 24. Qb3 Rhf8 25.
Kh2 Nh7 26. Rfb1 Rab8 27. Qa3 Ra8 28. Qb3 Rab8 29. Qa3 Ra8 $11 {1/2,San
Segundo,P-Dzindzichashvili,R/New York op/1990/}) 9. Qd3 Qa5 (9... d6 10. g4 O-O
11. Nf3 Nbd7 12. Bg2 b5 13. cxb5 a6 14. Bh6 Re8 15. b6 Qxb6 16. O-O c4+ 17. Qd4
Qxd4+ 18. Nxd4 Nc5 19. Rf4 Bb7 20. Nc6 Bxc6 21. dxc6 d5 22. Rd1 Ne6 23. Rff1
Rac8 24. Rxd5 Rxc6 25. Ra5 $16 {[%csl Gg2,Gh6] ^^,Obsivac,J-Krivoshey,S/
Frydek-Mistek/1997/}) 10. Bg2 (10. Bh6 d6 11. g4 Nbd7 12. Nf3 $13 {1/2,
Portisch,F-Dobos,J/HUN-chT/1996/}) 10... d6 11. g4 Nbd7 12. Nf3 Nb6 13. O-O (
13. a4 Qa6 14. a5 Nxc4 15. O-O b6 16. Ng5 Nxa5 17. Qc2 O-O 18. Ne6 Bxe6 19.
dxe6 Qc8 20. Bh6 Qxe6 21. Qd3 c4 22. Qf3 Rae8 23. g5 Nd7 24. Bxf8 Rxf8 $17 {
Pekarek,A-Voloshin,L/CZE-chT/1997/}) 13... Qa4 14. Ng5 Nxc4 15. Rf4 b5 16. Nxh7
Rxh7 17. Qxg6+ Rf7 18. g5 Qd1+ 19. Rf1 Qxe2 20. gxf6 Ne5 21. Qh6 Rxf6 22. Rxf6
exf6 23. Qxf6 Bxh3 24. Qh8+ Kf7 25. Qh7+ Kf6 26. Qh6+ Kf7 27. Qh7+ Kf6 {
1/2,Bakalarz,M-Spisak,C/Trier/1997/}) 7... d6 (7... Qa5 8. Bd2 d6 9. h3 gxh3
10. f4 Nf6 11. e5 Ne4 12. Bxh3 Nd7 13. e6 Ndf6 14. Bg2 Nxd2 15. Qxd2 Qa4 16.
Qd3 b5 17. cxb5 a6 18. Ne2 axb5 19. Qxg6+ Kd8 20. Qd3 Rg8 21. Bf3 Bb7 22. Rh6
Qc4 23. Qf5 Rg1+ $1 $19 {Brenninkmeijer,J-Hergott,D/London Lloyds/1987/}) 8. h3
(8. Bg2 $6 Nf6 9. Bh6 Qa5 10. Ne2 Nbd7 11. Bg7 Rg8 12. Bxf6 Nxf6 13. O-O Qa6
14. Qb3 Nd7 15. h3 Ne5 16. hxg4 Bxg4 17. f3 Bd7 18. Qb2 Nxc4 19. Qc1 Ne5 20.
Nf4 O-O-O $19 {Kunin,V-Ho,A/WchJ U14 Cannes/1997/}) 8... Nf6 $5 $146 {Black
decides to hold on to his material for the time being.} (8... g3 9. f4 Nf6 10.
Bg2 Qa5 11. Ne2 Nbd7 12. O-O Nb6 13. e5 Nh5 14. e6 Nxc4 15. Qd3 b5 16. Nxg3
Nxg3 17. Qxg3 Bb7 18. f5 gxf5 19. Rxf5 O-O-O 20. Kh1 Rhg8 21. Rg5 Rxg5 22. Bxg5
Rg8 23. Rf1 Qxa2 24. Qh4 Ne3 25. Rf2 Nxg2 26. Qxh7 Qxd5 27. Qxg8+ Kc7 28. Rd2
Qf3 $19 {Matamoros Franco,C-Boyd,S/Alicante/1992/}) 9. hxg4 Bxg4 10. f3 Bh5 $1
{Although the B seems out of play here, by keeping the Pf3 under attack Black
significantly slows dow White's initiative.} (10... Bd7 11. Nh3 {[%cal Rh3g5] /
\Ng5~~}) 11. Nh3 {'!?' Bangiev.} (11. Rb1 $5 {Bangiev}) 11... Qa5 {[%cal Rf6e4]
/\Ne4,Qc3 Black wins another pawn, although the Pc3 is not so important.
Bangiev: '/\Ne4; /\Qc3'} (11... Nxe4 $2 {loses a piece:} 12. Qa4+ Qd7 13. Qxd7+
Nxd7 14. fxe4 Bf3 15. Rh2 Bxe4 16. Ng5 $16) 12. Ng5 (12. Bd2 {Bangiev} Nxe4) (
12. Qd3 {Bangiev} Nbd7 13. Be2 Ne5 14. Qe3 Qa4 15. Nf4 Nxc4 16. Bxc4 Qxc4 17.
Ne6 Rb8 $17) 12... Qxc3+ 13. Bd2 Qe5 {[%cal Re5g3] /\Qg3 Bangiev: '/\Qg3'} 14.
Rh3 O-O {'!' Bangiev. Bangiev: 'Die schwarze Initiative ist nun nicht zu
stoppen! /\Ne4'} 15. Qb1 $2 {This unnatural move allows Black to utilize his
lead in development and ambush White's centralized K. The Q on b1 plays a
sorry role, preventing the activization of Ra1.} (15. Rc1 $15 {/~~ would still
make a fight of the game, as now the sacrifice is far less clear.} Nxe4 $5 16.
Nxe4 Bxf3 (16... Rxf3 17. Rxf3 Qxe4+ 18. Kf2 Nc6 19. Rf4 $14) 17. Rxf3 Qxe4+
18. Kf2 Nd7 $36) 15... Nxe4 $1 $40 {[%mdl 512] '!' Bangiev. A decisive
sacrifice, White's pieces are so misplaced he will be forced to shed more
material soon. (Black already has 4 pawns for the piece.)} 16. Nxe4 $8 (16.
fxe4 Qf6 $1 $19 {[%cal Rf6f2,Rf2f1] /\Qf1#,Qf2#}) (16. Qxe4 $2 {Bangiev} Qxa1+)
16... Bxf3 17. Bd3 (17. Rxf3 Rxf3 18. Be2 Rh3 $19) 17... Nd7 $40 {'-/+!'
Bangiev. Black quietly finishes his development. Bangiev: 'Die weiße
Eröffnungsidee ist gescheitert. Schwarz ist wegen der unsicheren weißen
Könisstellung klar im Vorteil.'} ({Even more incisive was} 17... Qd4 $142 $5
18. Nf2 Bg2 19. Be3 {'!' Bangiev.} (19. Re3 Qh4 20. Kd1 (20. Re2 Qh1+ $1 21.
Nxh1 Rf1#) (20. Qxb7 {Bangiev} Qxf2+ 21. Kd1 $13) 20... Qxf2 21. Qxb7 Qg1+ 22.
Re1 Qd4 23. Kc2 Nc6 $5 24. Qxc6 Rab8 25. Rab1 Rxb1 26. Rxb1 Be4 $1 $19 {
[%cal Rd4c4] /\Qc4}) 19... Qc3+ 20. Ke2 (20. Bd2 Qf6 (20... Qe5+ 21. Re3 Qh2
$19) 21. Ng4 Qf1+ $1 22. Bxf1 Rxf1+ 23. Ke2 Rxb1 24. Rxb1 Bxh3 $19) 20... Rxf2+
21. Kxf2 Bxh3 $19) 18. Bc3 {There is hardly any other move.} (18. Bh6 Bxe4 (
18... Rf5 $5 $19) 19. Bxe4 Nf6 20. Bxf8 Rxf8 21. Re3 Qd4 $1 $19 (21... Nxe4 22.
Rxe4 Qg3+ 23. Kd2 Rf2+ 24. Re2 Qf4+ $19)) 18... Qf4 19. Rxf3 $8 (19. Bd2 Qg4
20. Rg3 (20. Nf2 Qg1+ 21. Bf1 Bg2 $19) 20... Qh4 21. Bg5 Qh1+ 22. Kd2 Qh2+ $19
{/\Be4}) 19... Qxf3 20. Qd1 Qf4 $1 {Black for the time being avoids exchanges
and continues his ->.} (20... Qxd1+ $6 21. Rxd1 Rf4 22. Ke2 $17) 21. Qe2 Ne5
22. Kd1 (22. Bxe5 Qxe5 23. O-O-O Rf4 $19) 22... Nxd3 23. Qxd3 Qg4+ 24. Kc2 Rf3
25. Qe2 Raf8 26. Re1 R3f4 $19 {Although White has managed to consolidate
partly, Black's material advanatage is decisive.} 27. Nd2 {After the exchange
of Q White loses quickly, but his position was hopeless anyway.} (27. Qd3 Qf3
28. Re3 Qf1 29. Re2 Rf3 30. Qd2 a6 $19 {[%cal Rb7b5] /\b5->}) 27... Qxe2 28.
Rxe2 R8f7 {[%csl Gg6,Gh7] o^g,h} 29. Rg2 Rh4 30. Rg3 Rff4 31. Kd3 Rhg4 32. Rh3
h5 33. a4 h4 34. Ke2 Rg3 ({White loses masses of material.} 34... Rg3 35. Rxg3
$8 hxg3 36. Ke3 g2 $19) 0-1

[Event "Bundesliga 0001"]
[Site "Germany"]
[Date "2001.03.10"]
[Round "10.3"]
[White "Nikolic, Predrag"]
[Black "Bunzmann, Dimitrij"]
[Result "1-0"]
[WhiteElo "2657"]
[BlackElo "2484"]
[Annotator "Stohl,I"]
[PlyCount "73"]
[EventDate "2000.10.14"]
[EventType "team-tourn"]
[EventRounds "15"]
[EventCountry "GER"]
[SourceTitle "CBM 082"]
[Source "ChessBase"]
[SourceDate "2001.05.17"]
[SourceVersion "1"]
[SourceVersionDate "2001.05.17"]
[SourceQuality "1"]
[WhiteTeam "Solingen"]
[BlackTeam "Neukoelln"]
[WhiteTeamCountry "GER"]
[BlackTeamCountry "GER"]

1. d4 e6 2. c4 b6 3. a3 f5 4. g3 {If White wants to play this line, it's more
accurate to start with} (4. Nc3 $142 Bb7 (4... Nf6 5. d5 {can lead to the same
position.}) 5. d5 Nf6 6. g3 Na6 (6... b5 7. Nf3 $5 bxc4 (7... exd5 8. cxb5 $1
$14) 8. dxe6 dxe6 9. Qa4+ Qd7 10. Qxc4 Qc6 11. Qa2 Bc5 12. Bg2 O-O 13. O-O Kh8
14. Bf4 Nbd7 15. Rac1 e5 16. Bd2 Qd6 17. b4 Bb6 18. Nb5 Qe7 19. Ng5 Bxg2 20.
Kxg2 $16 {Ovsejevitsch,S-Bunzmann,D/Darmstadt/2001/}) 7. Bg2 Nc5 8. Nh3 Bd6 9.
O-O Be5 10. Qc2 O-O 11. Rd1 Qe7 12. Be3 Rab8 13. Rac1 Nce4 14. Nxe4 Nxe4 15.
Nf4 (15. Bxe4 $5 fxe4 16. Ng5 $14) 15... c5 16. dxc6 Bxc6 17. Nd3 Bf6 18. f3
Nc5 19. b4 Nxd3 20. Rxd3 d5 21. f4 dxc4 22. Qxc4 Bxg2 23. Kxg2 Rf7 24. b5 Re8
25. Rcd1 e5 $132 {Kasparov,G-Morozevich,A/Frankfurt rapid/2000/}) 4... Bb7 5.
d5 b5 $5 {Here the flank break is more effective.} 6. cxb5 $146 (6. b3 Nf6 7.
Bg2 bxc4 8. bxc4 Na6 9. Nh3 Bd6 10. O-O O-O 11. Nc3 Nc5 {[%csl Gc5] Compared
with the line in the above note the N has a secure position on c5.} 12. Rb1 Rb8
13. Be3 Ng4 $5 (13... Ba6 14. Rxb8 Qxb8 15. Bxc5 Bxc5 16. Qa4 Qb6 17. Rb1 Qd6
18. Nf4 Bd4 19. dxe6 dxe6 20. Nd3 c5 21. Nb5 Bxb5 22. Rxb5 $14 {|^,Vallejo
Pons,F-Bunzmann,D/EU-ch Saint Vincent/2000/}) (13... a6 14. Nf4 e5 15. Nd3 Nxd3
16. Qxd3 e4 17. Qd4 Ng4 18. Bf4 Bxf4 19. gxf4 Qf6 20. Qxf6 Nxf6 21. e3 d6 22.
Rb4 a5 $1 23. Ra4 Ba6 24. Rc1 Nd7 $132 25. Rxa5 {1/2,Vallejo Pons,F-Krakops,M/
Istanbul olm/2000/}) 14. Bg5 (14. Bxc5 Bxc5 15. Rb5 Bb6 $15) 14... Be7 15. Bxe7
Qxe7 $11) (6. Nf3 {is more ambitious, trying to reach positions from the above
Ovsejevitch-Bunzmann game.} exd5 $5 (6... bxc4 7. dxe6 dxe6 (7... d5 $4 8. Ne5
$18) 8. Qa4+ $36) (6... b4 7. axb4 Bxb4+ 8. Bd2 Qe7 9. Bg2 a5 10. O-O Nf6 11.
Nd4 $14) 7. cxb5 (7. cxd5 Nf6 8. Nc3 b4 $132) 7... a6 $13) 6... Nf6 7. Bg2 Nxd5
{[%cal Rd5c3,Rd5e3] /\Ne3,Nc3} 8. Qb3 (8. Nf3 {seems more natural, but White
has other intention with his N.} c6 9. bxc6 Nxc6 $11) 8... Qc8 (8... Be7 $6 9.
Nc3 $36) 9. Nh3 a6 $1 {[%mdl 4] By liquidating this pawn Black finishes his
development and gains control of the [+]. The opening has been a success for
him.} 10. O-O axb5 (10... Nf6 $5 11. bxa6 (11. Nc3 Bxg2 12. Kxg2 Qb7+ $15)
11... Bxg2 12. Kxg2 Qxa6 13. Nc3 c5 {[+],()}) 11. Qxb5 Bd6 (11... Ba6 12. Qb3
$11 Bxe2 $4 13. Re1 $18 {[%csl Rd5] ><d5}) (11... Be7 $5 12. Bg5 Bc6 13. Qb3
O-O 14. Nc3 $11) 12. Qb3 Na6 13. Nd2 (13. Nc3 $143 Nc5 14. Qc2 Nxc3 15. Qxc3
O-O $36) 13... O-O 14. Nc4 Be7 15. Bg5 Nc5 16. Qc2 $11 {Both sides have
finished their development and the position is quite tense, but approximately
equal.} Nf6 (16... Bxg5 17. Nxg5 Nf6 18. b4 Nce4 $132) 17. b4 Be4 (17... Nce4
18. Bf4 (18. Na5 Bd5 19. Bf4 c5 $1 {/\} 20. f3 $2 cxb4 $1 21. Qxc8 Rfxc8 22.
fxe4 Nxe4 $19 {[%csl Ra5] פa5}) 18... Nd5 $11) 18. Bxe4 Ncxe4 19. Bf4 Nd5 20.
Be5 Qa6 21. Rfc1 $2 {White should have done something about Black's active N.}
(21. f3 $142 Ng5 (21... Nec3 $143 22. Qd3 $14) 22. Nxg5 Bxg5 $11) 21... c5 $1
$36 22. Qb2 (22. f3 Nec3 $1 23. Bxc3 Qxc4 24. Qd2 Qb5 {[%cal Rd5c3,Re7f6] /
\Nc3,Bf6-/+}) 22... cxb4 $8 (22... Bf6 23. Bxf6 Ndxf6 24. b5 $16) (22... Rf7
23. b5 $16) 23. axb4 Qb5 24. Bxg7 (24. Rxa8 Rxa8 25. Bxg7 Rc8 26. Bh8 (26. Bh6
Ndc3 27. Nd2 $8 (27. Rxc3 Bf6 28. Na3 Bxc3 29. Qxc3 Nxc3 30. Nxb5 Nxb5 $19)
27... Nxe2+ 28. Kg2 N4c3 $17 {is similar to the game continuation.}) 26... Bf8
27. f3 (27. Na3 Rxc1+ 28. Qxc1 Qxe2 $19) 27... Nxg3 $5 (27... Qxb4 28. Qxb4
Bxb4 29. fxe4 Kxh8 30. exd5 exd5 31. Rb1 Bc5+ 32. Ne3 Bxe3+ 33. Kg2 $11) 28.
hxg3 Nxb4 $1 29. Qe5 Rc5 $17) 24... Rxa1 25. Qxa1 Rc8 26. Bh6 Ndc3 $1 27. Nd2
$8 (27. Rxc3 Bf6 $19) (27. Na3 Qxe2 28. Nb1 Bxb4 $17) 27... Bf6 $2 (27... Nxe2+
$142 28. Kg2 N4c3 29. Rc2 Bxb4 $17) 28. Nxe4 fxe4 (28... Nxe2+ $4 29. Kg2 Bxa1
30. Rxc8+ Kf7 31. Nd6+ $18) 29. Kg2 e3 $6 (29... Qxe2 30. Ng1 Qc4 31. Bd2 d5
32. b5 d4 $13) 30. Qa5 $1 (30. Bxe3 $2 Qd5+ 31. f3 Ra8 $19) 30... Qb7+ (30...
Qxe2 31. Bxe3 $40) (30... Qxa5 31. bxa5 Ra8 32. Bxe3 Rxa5 33. Bd2 $16 {/+-})
31. f3 Ra8 (31... d5 32. Nf4 $18) 32. Qh5 $40 Nxe2 $2 {This final mistake lets
out White's R and loses quickly.} (32... Qxb4 33. Bxe3 (33. Ng5 Qe7 $14) 33...
Nxe2 34. Rc7 $16) 33. Rc4 $18 Nd4 (33... d6 34. Rg4+ Kh8 35. Ng5 Bxg5 36. Qxg5
$18) (33... Qd5 34. Rg4+ Kh8 35. Qf7 Qe5 36. Bf8 $18) 34. Rxd4 $1 e2 (34...
Bxd4 35. Qg4+ Kf7 36. Qxd4 Ra2+ 37. Kg1 $18 {with a mating attack:} Ke7 38.
Bg5+ $1 Kf7 39. Qf6+ Kg8 40. Bh6) 35. Rg4+ Kh8 36. Bd2 {White could have won
faster, but he plays it safe.} (36. Ng5 $142 e1=N+ 37. Kh3 {with mate in 4.})
36... Rf8 37. Re4 1-0